| 000 -ლიდერი |
| ფიქსირებული სიგრძის საკონტროლო ველი |
01989nam a2200241Ia 4500 |
| 001 - საკონტროლო ნომერი |
| საკონტროლო ველი |
20662 |
| 003 - საკონტროლო ნომრის იდენტიფიკატორი |
| საკონტროლო ველი |
GE_BSU |
| 005 - ბოლო ოპერაციის თარიღი და დრო |
| საკონტროლო ველი |
20210228224749.0 |
| 008 - ფიქსირებული სიგრძის მონაცემთა ელემენტები - ზოგადი ინფორმაცია |
| ფიქსირებული სიგრძის საკონტროლო ველი |
181216s||||2016ge |||||||||||||| ||geo|| |
| 020 ## - წიგნის საერთაშორისო სტანდარტული ნომერი |
| International Standard Book Number |
9789941135446 |
| 040 ## - კატალოგიზაციის წყარო |
| Transcribing agency |
GE_BSU |
| 041 ## - ენის კოდი |
| Language code of text/sound track or separate title |
geo |
| 080 ## - უნივერსალური ათობითი კლასიფიკაციის ინდექსი |
| Universal Decimal Classification number |
091(=353.1)+34(479.22)+33(479.22)(038) ჯ-14 |
| 100 ## - მთავარი ჩანაწერი - პიროვნების სახელი |
| Personal name |
ჯავახიშვილი, ივანე |
| 9 (RLIN) |
10270 |
| 245 ## - ცნობა სათაურის შესახებ |
| Title |
მასალები ძველი ქართული სამართლისა და ეკონომიკის ტერმინოლოგიისათვის = Materials for Old Georgian Juridical and Economic Terminology : |
| Remainder of title |
ალბომი ეძღვნება ივანე ჯავახიშვილის დაბადებიდან 140-ე წლისთავს / |
| Statement of responsibility, etc |
ივანე ჯავახიშვილი ; იდეის ავტორი და პროექტის ხელმძღვანელი მალხაზ ბაძაღუა ; შემდგენლები : მანუჩარ გუნცაძე, შორენა მურუსიძე ; რედაქტორი ზაალ აბაშიძე ; ფოტო : დიმიტრი გურგენიძე, ვასილ თარგამაძე, გიორგი კვაჭაძე. |
| 264 ## - წარმოების, გამოცემის, დისტრიბუციის და სხვა ცნობები |
| გამოცემის, წარმოების, დისტრიბუციის... ადგილი |
თბილისი : |
| გამოცემის, წარმოების, დისტრიბუციის... სახელწოდება |
თსუ გამ-ბის სტამბა, |
| გამოცემის, წარმოების, დისტრიბუციის... თარიღი |
2016. |
| 300 ## - ფიზიკური აღწერა |
| Extent |
470 გვ. : |
| Other physical details |
ილ. ; |
| Dimensions |
21 სმ. |
| 500 ## - ზოგადი შენიშვნა |
| General note |
ტერმინთა საძიებელი : გვ. 452-469 |
| 653 ## - INDEX TERM--UNCONTROLLED |
| Uncontrolled term |
მასალები ძველი ქართული სამართლისა და ეკონომიკის ტერმინოლოგიისათვის |
| 653 ## - INDEX TERM--UNCONTROLLED |
| Uncontrolled term |
ივანე ჯავახიშვილი |
| 700 ## - ADDED ENTRY--PERSONAL NAME |
| Personal name |
აბაშიძე, ზაალ |
| Relator term |
რედაქტორი |
| 9 (RLIN) |
10271 |
| 942 ## - ADDED ENTRY ELEMENTS (KOHA) |
| Koha item type |
წიგნი |
| Source of classification or shelving scheme |
|